T05 駅名クイズ - 千葉県内にある駅 ver. - Statistics

General Stats
  • This quiz has been taken 50 times
  • The average score is 270 of 402
Answer Stats
Number Answer % Correct
| CM03 | JB39 | JO28 千葉
100%
JB27 | JO24 市川
97%
JB31 | JO25 | TD35 船橋
97%
JB30 | JM10 | T23 | TR01 西船橋
97%
JB35 幕張
97%
JO31 四街道
97%
JE08 新浦安
97%
蘇我
97%
本千葉
97%
JB33 | JO26 津田沼
95%
JB37 | JO27 稲毛
95%
JB28 | S21 本八幡
95%
JB34 幕張本郷
95%
JB38 西千葉
95%
CM11 | JO30 都賀
95%
成東
95%
JE07 舞浜
95%
JE11 南船橋
95%
CM01 | JE17 千葉みなと
95%
五井
95%
木更津
95%
君津
95%
館山
95%
JB32 東船橋
92%
JO29 東千葉
92%
| CD01 銚子
92%
JE12 新習志野
92%
JE13 幕張豊砂
92%
JE14 海浜幕張
92%
佐原
92%
安房鴨川
92%
| JO35 成田
92%
| JJ08 | JL30 我孫子
92%
JJ06 | JL22 | KS88 松戸
92%
JO33 佐倉
89%
南酒々井
89%
JM16 | TX10 南流山
89%
JL25 | JM15 新松戸
89%
HS05 | JM13 東松戸
89%
JE16 稲毛海岸
89%
上総一ノ宮
89%
JO37 | KS42 成田空港
89%
JL23 北松戸
89%
JL27 南柏
89%
JJ07 | JL28 | TD24
89%
JL29 北柏
89%
上総亀山
89%
東金
89%
KS40 京成成田
89%
JO34 酒々井
89%
JB29 下総中山
86%
86%
JE09 市川塩浜
86%
香取
86%
茂原
86%
大原
86%
勝浦
86%
TR09 東葉勝田台
86%
TD22 | TX12 流山おおたかの森
86%
KS26 京成津田沼
86%
| KS33 ユーカリが丘
86%
KS59 京成千葉
86%
KS44 東成田
86%
RN6 流山
86%
JO36 | KS41 空港第2ビル
86%
JB36 新検見川
84%
八街
84%
JM14 新八柱
84%
JM11 船橋法典
84%
JE10 二俣新町
84%
JE15 検見川浜
84%
姉ケ崎
84%
袖ケ浦
84%
大網
84%
久留里
84%
T18 浦安
84%
KS54 検見川
84%
SR01 芝山千代田
84%
松岸
81%
JM12 市川大野
81%
上総湊
81%
JL24 | RN1 馬橋
81%
T20 行徳
81%
T22 原木中山
81%
HS08 | KS78 | TD30 新鎌ヶ谷
81%
KS20 京成西船
81%
KS22 京成船橋
81%
KS29 八千代台
81%
KS65 ちはら台
81%
JO32 物井
78%
安房小湊
78%
JJ09 | JL31 天王台
78%
T19 南行徳
78%
T21 妙典
78%
TD31 鎌ヶ谷
78%
KS36 大佐倉
78%
KS55 京成稲毛
78%
HS14 印旛日本医大
78%
HS13 印西牧の原
78%
CD09 犬吠
78%
八日市場
76%
誉田
76%
新茂原
76%
木下
76%
東我孫子
76%
KS70 | TR04 北習志野
76%
KS31 勝田台
76%
KS43 成田湯川
76%
HS10 白井
76%
上総中野
76%
CM18 県庁前
76%
横芝
73%
浜金谷
73%
行川アイランド
73%
安房天津
73%
JL26 北小金
73%
TR06 八千代緑が丘
73%
TD17 野田市
73%
KS16 京成八幡
73%
KS27 京成大久保
73%
KS35 京成佐倉
73%
KS37 京成酒々井
73%
KS38 宗吾参道
73%
KS53 京成幕張
73%
KS66 新津田沼
73%
KS76 鎌ヶ谷大仏
73%
HS12 千葉ニュータウン中央
73%
TX11 流山セントラルパーク
73%
浜野
70%
巌根
70%
千倉
70%
鎌取
70%
下総神崎
70%
下総松崎
70%
KS18 京成中山
70%
KS24 船橋競馬場
70%
KS52 京成幕張本郷
70%
KS61 千葉寺
70%
KS69 習志野
70%
TX13 柏の葉キャンパス
70%
十二橋
68%
八幡宿
68%
長浦
68%
土気
68%
湖北
68%
求名
68%
TR05 船橋日大前
68%
KS30 京成大和田
68%
KS34 京成臼井
68%
KS60 千葉中央
68%
KS64 おゆみ野
68%
KS72 高根公団
68%
KS80 くぬぎ山
68%
KS84 八柱
68%
HS02 矢切
68%
TX14 柏たなか
68%
大多喜
68%
女子大
68%
安食
65%
TR03 飯山満
65%
TR08 村上
65%
KS14 市川真間
65%
KS86 松戸新田
65%
HS09 西白井
65%
青堀
62%
富浦
62%
本納
62%
福俵
62%
TR02 東海神
62%
TR07 八千代中央
62%
TD34 新船橋
62%
KS19 東中山
62%
KS21 海神
62%
KS71 高根木戸
62%
HS03 北国分
62%
CM02 市役所前
62%
CM15 千城台
62%
中学校
62%
干潟
59%
大貫
59%
御宿
59%
下総橘
59%
TD14 七光台
59%
KS39 公津の杜
59%
KS63 学園前
59%
養老渓谷
59%
CM17 葭川公園
59%
CD10 外川
59%
公園
59%
榎戸
57%
日向
57%
飯岡
57%
那古船形
57%
永田
57%
東浪見
57%
上総松丘
57%
TD25 新柏
57%
KS15 菅野
57%
KS17 鬼越
57%
KS23 大神宮下
57%
KS25 谷津
57%
KS28 実籾
57%
KS58 新千葉
57%
HS11 小室
57%
佐貫町
54%
上総興津
54%
滑河
54%
小見川
54%
祇園
54%
TD19 運河
54%
KS13 国府台
54%
KS32 志津
54%
KS56 みどり台
54%
KS57 西登戸
54%
KS67 前原
54%
KS79 北初富
54%
KS87 上本郷
54%
HS04 秋山
54%
CD04 本銚子
54%
CD05 笠上黒生
54%
東京ディズニーランド・ステーション
54%
千歳
51%
和田浦
51%
布佐
51%
横田
51%
馬来田
51%
TD23 豊四季
51%
KS77 初富
51%
上総牛久
51%
リゾートゲートウェイ・ステーション
51%
東京ディズニーシー・ステーション
51%
保田
49%
南三原
49%
江見
49%
太海
49%
八積
49%
久住
49%
下総豊里
49%
小林
49%
上総清川
49%
TD28 高柳
49%
TD29 六実
49%
KS62 大森台
49%
KS68 薬園台
49%
KS74 三咲
49%
KS75 二和向台
49%
HS06 松飛台
49%
CM08 スポーツセンター
49%
CM09 動物公園
49%
CM14 千城台北
49%
井野
49%
ベイサイド・ステーション
49%
猿田
46%
岩井
46%
東横田
46%
TD15 清水公園
46%
KS82 五香
46%
HS07 大町
46%
西大原
46%
RN4 鰭ヶ崎
46%
CM04 千葉公園
46%
CD06 西海鹿島
46%
CD07 海鹿島
46%
松尾
43%
安房勝山
43%
九重
43%
浪花
43%
笹川
43%
椎柴
43%
新木
43%
TD26 増尾
43%
TD27 逆井
43%
KS73 滝不動
43%
KS85 みのり台
43%
海士有木
43%
RN2 幸谷
43%
CM16 栄町
43%
CM05 作草部
43%
CD03 観音
43%
地区センター
43%
飯倉
41%
東清川
41%
TD33 塚田
41%
KS81 元山
41%
上総久保
41%
RN3 小金城趾
41%
倉橋
38%
竹岡
38%
太東
38%
長者町
38%
大戸
38%
水郷
38%
小櫃
38%
TD13 川間
38%
TD21 初石
38%
TD32 馬込沢
38%
KS83 常盤平
38%
上総大久保
38%
三門
35%
鵜原
35%
平山
35%
TD16 愛宕
35%
TD20 江戸川台
35%
上総村上
35%
国吉
35%
CM07 穴川
35%
CM13 小倉台
35%
CD02 仲ノ町
35%
下郡
32%
TD18 梅郷
32%
光風台
32%
上総鶴舞
32%
上総中川
32%
上総東
32%
RN5 平和台
32%
CM06 天台
32%
飯給
30%
東総元
30%
CM12 桜木
30%
CD08 君ヶ浜
30%
俵田
27%
上総三又
27%
高滝
27%
里見
27%
総元
27%
CM10 みつわ台
24%
上総山田
22%
上総川間
22%
西畑
22%
新田野
22%
馬立
19%
月崎
16%
久我原
16%
城見ヶ丘
16%
小谷松
11%
No matching quizzes found
Score Distribution
Percent of People with Each Score
Percentile by Number Answered
Your Score History
You have not taken this quiz